Chiến lược bán hàng : Tâm lý khách hàng và nghệ thuật bán hàng
Chiến lược bán hàng là cuốn sách lí giải vận dụng kiến thức tâm lí học vào những tình huống bán hàng thực tế, các kỹ năng giao tiếp và thuyết phục khách hàng.
Saved in:
| Main Author: | |
|---|---|
| Other Authors: | |
| Format: | Book |
| Language: | Vietnamese |
| Published: |
Thanh Hóa
Nxb. Thanh Hóa
2019
|
| Edition: | Tái bản lần 1 |
| Subjects: | |
| Tags: |
Add Tag
No Tags, Be the first to tag this record!
|
| Institutions: | Thư viện Trường Đại học Nam Cần Thơ |
|---|
| LEADER | 01133nam a22002177a 4500 | ||
|---|---|---|---|
| 001 | NCT_77419 | ||
| 008 | 200326b xxu||||| |||| 00| 0 vie d | ||
| 999 | |c 3769 |d 3769 | ||
| 020 | |a 9786047441198 |c 100000 | ||
| 082 | 0 | 4 | |2 23rd ed. |a 658.85 |b Ph561 |
| 100 | 1 | |a Đàm Phương | |
| 245 | 1 | 0 | |a Chiến lược bán hàng : |b Tâm lý khách hàng và nghệ thuật bán hàng |c Đàm Phương ; Dương Hà Tú (dịch) |
| 250 | |a Tái bản lần 1 | ||
| 260 | |a Thanh Hóa |b Nxb. Thanh Hóa |c 2019 | ||
| 300 | |a 255 tr. |c 21cm | ||
| 520 | 3 | |a Chiến lược bán hàng là cuốn sách lí giải vận dụng kiến thức tâm lí học vào những tình huống bán hàng thực tế, các kỹ năng giao tiếp và thuyết phục khách hàng. | |
| 653 | |a Quản trị kinh doanh | ||
| 700 | 1 | |a Dương Hà Tú |e Dịch | |
| 942 | |2 ddc |c BK | ||
| 952 | |0 0 |1 0 |2 ddc |4 0 |6 658_850000000000000_PH561 |7 0 |9 19312 |a 000001 |b 000001 |d 2020-03-26 |o 658.85 Ph561 |p MD.17062 |r 2020-03-26 |v 100000.00 |w 2020-03-26 |y BK | ||
| 980 | |a Thư viện Trường Đại học Nam Cần Thơ | ||


